000 00301nam a22001337a 4500
008 181011b xxu||||| |||| 00| 0 eng d
020 _a9780198521273
041 _aeng
080 _a159.9
100 _a48
101 _aPSI
245 _aThe Neuropsychology of Anxiety
_cGray,J.A
942 _2udc
_cBK
999 _c49338
_d49338